<?xml version="1.0" encoding="UTF-8"?>
<marc:record xmlns:marc="http://www.loc.gov/MARC21/slim">
   <marc:leader>00000nam a2200000 a 4500</marc:leader>
   <marc:datafield ind1="1" ind2=" " tag="100">
      <marc:subfield code="a">TODD ANNA</marc:subfield>
      <marc:subfield code="4">aut</marc:subfield>
      <marc:subfield code="e">Verfasser/-in</marc:subfield>
   </marc:datafield>
   <marc:datafield ind1="0" ind2="0" tag="245">
      <marc:subfield code="a">AFTER FOREVER (4)</marc:subfield>
   </marc:datafield>
   <marc:datafield ind1=" " ind2="1" tag="264">
      <marc:subfield code="b">CONSTANTIN FILM</marc:subfield>
      <marc:subfield code="c">2022</marc:subfield>
   </marc:datafield>
   <marc:datafield ind1="1" ind2=" " tag="490">
      <marc:subfield code="a">AFTER REIHE</marc:subfield>
   </marc:datafield>
   <marc:datafield ind1="1" ind2=" " tag="520">
      <marc:subfield code="a">TESSA UND HARDIN STEHEN VOR EINER SCHWEREN ENTSCHEIDUNG: SOLLEN SIE WEITERHIN VERSUCHEN, AN IHRER TOXISCHEN BEZIEHUNG FESTZUHALTEN ODER IST ES FÜR TESSA AN DER ZEIT, SICH SELBST ZU RETTEN UND DAS BAND ZU HARDIN ENDGÜLTIG ZU KAPPEN?</marc:subfield>
   </marc:datafield>
</marc:record>
